<?xml version="1.0" encoding="UTF-8"?>
<record
    xmlns:xsi="http://www.w3.org/2001/XMLSchema-instance"
    xsi:schemaLocation="http://www.loc.gov/MARC21/slim http://www.loc.gov/standards/marcxml/schema/MARC21slim.xsd"
    xmlns="http://www.loc.gov/MARC21/slim">

  <leader>01855nam a22002057a 4500</leader>
  <datafield tag="999" ind1=" " ind2=" ">
    <subfield code="c">38002</subfield>
    <subfield code="d">38002</subfield>
  </datafield>
  <datafield tag="020" ind1=" " ind2=" ">
    <subfield code="a">9780367545949</subfield>
  </datafield>
  <datafield tag="041" ind1=" " ind2=" ">
    <subfield code="a">eng-</subfield>
  </datafield>
  <datafield tag="082" ind1=" " ind2=" ">
    <subfield code="a">307.7601</subfield>
    <subfield code="b">EGE-U</subfield>
  </datafield>
  <datafield tag="100" ind1=" " ind2=" ">
    <subfield code="a">Ege, Moritz</subfield>
    <subfield code="e">author.</subfield>
  </datafield>
  <datafield tag="245" ind1=" " ind2=" ">
    <subfield code="a"> Urban ethics : </subfield>
    <subfield code="b">conflicts over the good and proper life in cities / </subfield>
    <subfield code="c">edited by Moritz Ege, Johannes Moser.</subfield>
  </datafield>
  <datafield tag="260" ind1=" " ind2=" ">
    <subfield code="a">London : </subfield>
    <subfield code="b">Routledge, </subfield>
    <subfield code="c">2020.</subfield>
  </datafield>
  <datafield tag="300" ind1=" " ind2=" ">
    <subfield code="a">320p. </subfield>
  </datafield>
  <datafield tag="504" ind1=" " ind2=" ">
    <subfield code="a">Include index and bibliography.</subfield>
  </datafield>
  <datafield tag="520" ind1=" " ind2=" ">
    <subfield code="a">This book delves into the ethical dimension of urban life: how should one live in the city? What constitutes a &#x2018;good&#x2019; life under urban condition? Whose gets to live a &#x2018;good&#x2019; life, and whose ideas of morality, propriety and &#x2018;good&#x2019; prevail? What is the connection between the &#x2018;good&#x2019; and the &#x2018;just&#x2019; in urban life?

Rather than philosophizing the &#x2018;good&#x2019; and proper life in cities, the book considers what happens when urban conflicts and urban futures are carried out as conflicts over the good and proper life in cities. It offers an understanding of how ethical discourses, ideals and values are harmonized with material interests of different groups, taking up cases studies about environmental protection, co-housing schemes, political protest, heritage preservation, participatory planning, collaborative art production, and other topics from different eras and parts of the globe. This book offers multidisciplinary insights, ethnographic research and conceptual tools and resources to explore and better understand such conflicts. It questions the ways in which urban ethics draw on tacit moral economies of urban life and the ways in which such moral economies become explicit, political and programmatic.</subfield>
  </datafield>
  <datafield tag="546" ind1=" " ind2=" ">
    <subfield code="a">English.</subfield>
  </datafield>
  <datafield tag="650" ind1=" " ind2=" ">
    <subfield code="a">City and town life </subfield>
    <subfield code="x">Moral and ethical aspects.</subfield>
  </datafield>
  <datafield tag="650" ind1=" " ind2=" ">
    <subfield code="a">Social ethics</subfield>
  </datafield>
  <datafield tag="700" ind1=" " ind2=" ">
    <subfield code="a">Moser, Johannes </subfield>
    <subfield code="e">author.</subfield>
  </datafield>
  <datafield tag="942" ind1=" " ind2=" ">
    <subfield code="2">ddc</subfield>
    <subfield code="c">BK</subfield>
  </datafield>
  <datafield tag="952" ind1=" " ind2=" ">
    <subfield code="0">0</subfield>
    <subfield code="1">0</subfield>
    <subfield code="4">0</subfield>
    <subfield code="7">0</subfield>
    <subfield code="a">NASSDOC</subfield>
    <subfield code="b">NASSDOC</subfield>
    <subfield code="d">2023-03-16</subfield>
    <subfield code="e">Overseas</subfield>
    <subfield code="g">0.00</subfield>
    <subfield code="l">0</subfield>
    <subfield code="o">307.7601 EGE-U</subfield>
    <subfield code="p">53620</subfield>
    <subfield code="r">2023-06-01 00:00:00</subfield>
    <subfield code="v">0.00</subfield>
    <subfield code="w">2023-06-01</subfield>
    <subfield code="y">BK</subfield>
  </datafield>
</record>
